| 000 | 00000nam##2200000za#4500 |
| 001 | 9.600746 |
| 003 | CaOODSP |
| 005 | 20210624205732 |
| 007 | cr ||||||||||| |
| 008 | 150406|1999||||xxc|||||o f|0| 0 fre|d |
| 040 | |aCaOODSP|bfre |
| 043 | |an-cn--- |
| 086 | 1 |aNH18-1-2/84-1999F-PDF |
| 110 | 2 |aSociété canadienne d'hypothèques et de logement. |
| 245 | 10|aImportance du risque environnemental domiciliaire dans la survenue des chutes chez les personnes âgées / |h[ressource électronique]|cpar Benoît Lévesque ... [et al.]. |
| 260 | |aOttawa - Ontario : |bSociété canadienne d'hypothèques et de logement |cMars 1999. |
| 300 | |a168p.|bfigure, graphiques, références, tableaux |
| 490 | 1 |aRapport de recherche |
| 546 | |a(Summary in English.) |
| 590 | |a11-25-Supp|b2011-10-31 |
| 720 | 1 |aLévesque, Benoît |
| 830 | #0|aResearch report (Société canadienne d'hypothèques et de logement : En ligne)|w(CaOODSP)9.502470 |
| 856 | 40|ahttp://publications.gc.ca|qPDF|s1.38 Mo|uhttps://publications.gc.ca/collections/collection_2011/schl-cmhc/nh18-1-2/NH18-1-2-84-1999-fra.pdf |